Taylor Swift Albums - Sudden Death - Statistics

General Stats
  • This quiz has been taken 253 times
    43 since last reset
  • The average score is 9 of 12
Answers on the Grid
Answers color-coded by a green-red scale on the quiz's grid according to % correct below.
1989
Actually Romantic
All Too Well
Begin Again
Bejeweled
Blank Space
Call It What You Want
Cornelia Street
Daylight
Dear Reader
Enchanted
evermore
exile
Fearless
folklore
Fortnight
Getaway Car
happiness
Honey
King Of My Heart
Love Story
Lover
Maroon
Midnights
Never Grow Up
Out Of The Woods
Picture To Burn
Red
reputation
right where you left me
seven
Speak Now
SuperStar
Taylor Swift
The Black Dog
The Fate of Ophelia
The Life of a Showgirl
The Manuscript
The Outside
THE TORTURED POETS DEPARTMENT
 
Answer Stats
Answer % Correct
1989
96%
Red
81%
evermore
77%
Fearless
77%
folklore
77%
Lover
77%
Midnights
77%
reputation
77%
Speak Now
77%
Taylor Swift
77%
THE TORTURED POETS DEPARTMENT
77%
The Life of a Showgirl
73%
No matching quizzes found
Score Distribution
Percent of People with Each Score
Percentile by Number Answered
Your Score History
You have not taken this quiz since the last reset